000 01176nam a2200301 i 4500
001 183147
003 ES-MaACL
005 20251201193358.0
008 140127s1974 sp |||| | spa d
020 _a84-7083-084-8
080 _a82-993(082.2)
245 0 0 _aLibros de amor del Oriente /
_ctraducción, noticias preliminares, notas y apéndices de Juan B. Bergua.
260 _aMadrid :
_bClásicos Bergua,
_c[1974]
300 _a536 p. ;
_c17 cm.
490 1 _aTesoro literario ;
_v25
505 8 _aContiene: Los Kama-Sutra / Vatsyayana. Al Ananga-Ranga / Kalyana Malla. La flor lasciva oriental. El libro de la voluptuosidad. El Ktab o Libro musulmán de las leyes secretas del amor
650 0 7 _aSexualidad-
_xAspectos religiosos.
_917079
650 4 _aRelaciones sexuales.
_9147326
650 0 7 _aLiteratura erótica
_2embne
_9136422
700 1 _aBergua, Juan B.,
_d1892-1991
_928018
700 0 _aVatsyayana.
_9149586
700 0 _aKalyanamalla.
_967467
740 0 2 _aKamasutra.
740 0 2 _aAnangaranga.
830 0 _aTesoro literario ;
_v25
_9184264
852 _aES-MaACL
_jL-29960
_z.- Donat. Miguel A. Velasco
999 _c183147
_d183147